书目信息 |
| 题名: |
最新财会法规文件选编
|
|
| 作者: | ;本书编写组 编 | |
| 分册: | ||
| 出版信息: | 北京 新华出版社 2008 |
|
| 页数: | 410页 | |
| 开本: | 21cm | |
| 丛书名: | ||
| 单 册: | ||
| 中图分类: | D922.269 | |
| 科图分类: | ||
| 主题词: | 会计法--中国--终生教育--汇编 , 会计法 | |
| 电子资源: | ||
| ISBN: | 978-7-5011-8364-7 | |
| 000 | 00863nam0 2200241 45 | |
| 005 | 20100301113452.73 | |
| 010 | @a978-7-5011-8364-7@dCNY30.00 | |
| 100 | @a20091022d2008 em y0chiy0110 ea | |
| 101 | 0 | @achi |
| 102 | @aCN@b110000 | |
| 105 | @ay n 000yy | |
| 106 | @ar | |
| 200 | 1 | @a最新财会法规文件选编@AZui Xin Cai Kuai Fa Gui Wen Jian Xuan Bian@f本书编写组编@FBen Shu Bian Xie Zu Bian |
| 210 | @a北京@c新华出版社@d2008 | |
| 215 | @a410页@d21cm | |
| 300 | @a会计人员继续教育系列用书 | |
| 330 | @a本书是为配合会计继续教育培训,方便学生学习而选编的财会法律法规,分财政法规和会计法规两部分,共收入财政违法行为处罚处分条例等法律法30余篇。 | |
| 606 | 0 | @a会计法@y中国@x终生教育@x汇编 |
| 606 | 0 | @a会计法 |
| 690 | @aD922.269@v4 | |
| 711 | 02 | @a本书编写组@ABen Shu Bian Xie Zu@4编 |
| 801 | 0 | @aCN@bTANGWEI@c20100301 |
| 905 | @b0583921-25@dD922.269@e878@f5 | |
| 最新财会法规文件选编/本书编写组编.-北京:新华出版社,2008 |
| 410页;21cm |
| 会计人员继续教育系列用书 |
| ISBN 978-7-5011-8364-7:CNY30.00 |
| 本书是为配合会计继续教育培训,方便学生学习而选编的财会法律法规,分财政法规和会计法规两部分,共收入财政违法行为处罚处分条例等法律法30余篇。 |
| ● |
| 相关链接 |
|
|
|
|
正题名:最新财会法规文件选编
索取号:D922.269/878
 
预约/预借
| 序号 | 登录号 | 条形码 | 馆藏地/架位号 | 状态 | 备注 |
| 1 | 0583921 | 205839217 | 第一样本阅览室/ [索取号:D922.269/878] | 在馆 | |
| 2 | 0583922 | 205839226 | 密集书库-海洋学院/ [索取号:D922.269/878] | 在馆 | |
| 3 | 0583923 | 205839235 | 第一借阅区/ [索取号:D922.269/878] | 在馆 | |
| 4 | 0583924 | 205839244 | 第一借阅区/ [索取号:D922.269/878] | 在馆 | |
| 5 | 0583925 | 205839253 | 第一借阅区/ [索取号:D922.269/878] | 在馆 |